000
00370nam a2200169Ia 4500
003
IT-RoPAU
008
120407s9999 xx 000 0 und d
040
_a
IT-RoPAU
040
_c
IT-RoPAU
100
_a
Ottavio De Angelis
245
_a
Le sintassi Italo-latina comparate
250
_a
Lanciano
260
_a
Carabba
300
_c
cm
490
_v
1
942
_c
BK
999
_c
1581
_d
1581